Culture Générale - Série 2290 - Statistiques

Statistiques générales
  • Ce quiz a été pris 187 fois
  • Le résultat moyen est 6 sur 10
Statistiques - réponses
Question Réponse % Correct
Dans un triangle rectangle, le carré de la longueur de l'hypoténuse est égal à la somme des carrés des longueurs des deux autres côtés : c'est le théorème de ... Pythagore
98%
Comment appelle-t-on un triangle dont les trois côtés ont la même longueur ? equilatéral
89%
Sous quel nom connait-on mieux la comédienne Sophie Maupu ? prénom et nom - voir photo Sophie Marceau
88%
Quel est l'os le plus long du corps humain ? fémur
83%
Qui a écrit la tragédie en cinq actes et en vers "Andromaque" ? prénom et nom Jean Racine
62%
Comment appelle-t-on depuis 1958 la Haute Volta ? Burkina Faso
50%
Quel pays était appelé autrefois Dahomey . Bénin
43%
Quelle est la préfecture de la Haute-Marne ? Chaumont
32%
Sous quel prénom et nom connaissait-on mieux le comédien Vladimir Vujovic (1922-1988) ? Michel Auclair
3%
Dans la mythologie grecque, comment s'appelle le vent du sud ? notos
3%
Aucun quiz correspondant
Distribution des résultats
% des personnes avec chaque résultat
Percentile par nombre de réponses
Votre historique - résultats
Vous n’avez pas pris ce quiz